000 00488nmm a2200169Ia 4500
008 251105s9999||||xx |||||||||||||||||und||
020 _a9788488123695
041 _aspa
100 _aVelasco Arias, Sara
245 0 _aSexos, género y salud
264 _a[Madrid, España] :
_bMinerva Ediciones,
_c2009
300 _a352 páginas
490 _aEstudios sobre la mujer
650 _aGender and Women Studies
856 _uhttps://public.digitaliapublishing.com/a/45909
942 _cCF
999 _c87033
_d87033